Essentials of College Physics (Record no. 383)

000 -LEADER
fixed length control field 00677nam a22002417a 4500
003 - CONTROL NUMBER IDENTIFIER
control field OSt
005 - DATE AND TIME OF LATEST TRANSACTION
control field 20241110171446.0
008 - FIXED-LENGTH DATA ELEMENTS--GENERAL INFORMATION
fixed length control field 201124s2007 ||||| |||| 00| 0 eng d
020 ## - INTERNATIONAL STANDARD BOOK NUMBER
International Standard Book Number 9780495106197
020 ## - INTERNATIONAL STANDARD BOOK NUMBER
International Standard Book Number 0495106194
040 ## - CATALOGING SOURCE
Original cataloging agency eng
Language of cataloging eng
Transcribing agency DLC
041 ## - LANGUAGE CODE
Language code of text/sound track or separate title eng
080 ## - UNIVERSAL DECIMAL CLASSIFICATION NUMBER
Universal Decimal Classification number 53
Item number S-49
100 ## - MAIN ENTRY--PERSONAL NAME
9 (RLIN) 271
Personal name Serway, A. Raymond
245 ## - TITLE STATEMENT
Title Essentials of College Physics
Statement of responsibility, etc. / by: Brooks/Cole Cengage Learning
260 ## - PUBLICATION, DISTRIBUTION, ETC.
Place of publication, distribution, etc. Belmont
Name of publisher, distributor, etc. Brooks/Cole Cengage Learning
Date of publication, distribution, etc. 2007
300 ## - PHYSICAL DESCRIPTION
Extent 779 p. Appendix 47 p. Credits 2p. Index 19p.
Other physical details ill
365 ## - TRADE PRICE
Price amount 12.51 usd
650 #0 - SUBJECT ADDED ENTRY--TOPICAL TERM
9 (RLIN) 261
Topical term or geographic name entry element Physics
653 ## - INDEX TERM--UNCONTROLLED
Uncontrolled term ფიზიკა
700 ## - ADDED ENTRY--PERSONAL NAME
9 (RLIN) 272
Personal name Vuille Chris
942 ## - ADDED ENTRY ELEMENTS (KOHA)
Source of classification or shelving scheme
Koha item type Books
Holdings
Withdrawn status Lost status Source of classification or shelving scheme Damaged status Not for loan Permanent location Current location Date acquired Inventory number Total Checkouts Full call number Barcode Date last seen Date last checked out Price effective from Koha item type
          Ken Walker International University Ken Walker International University 11/24/2020 1083 4 53 S-49 1083 04/12/2023 04/11/2023 11/24/2020 Books

Powered by Koha